00563nam a2200181Ia 4500003000900000008004100009020001800050040001600068080001800084100002300102245009800125260003500223300001400258650004100272650002900313650001700342650002200359IN-BaIIA211028s9999 xx 000 0 eng d a0-12-710401-1 cIIA Library a535.33bVAN-1 aVanasse, George A. 0aSpectroscopy techniquesbvol. 1cGeorge A. Vanasse  aNew YorkbAcademic Pressc1977 axi, 355p. aAstronomy and Astrophysics Thesaurus aSpectroscopic Techniques aSpectroscopy aSpectrum Analysis